The cult of remembrance and the Black Death : six Renaissance cities in central Italy

Αποθηκεύτηκε σε:
Λεπτομέρειες βιβλιογραφικής εγγραφής
Κύριος συγγραφέας: Cohn, Samuel Kline
Μορφή: Βιβλίο
Γλώσσα:English
Δημοσίευση: Baltimore : Johns Hopkins University Press, 1997.
Θέματα:
Ετικέτες: Προσθήκη ετικέτας
Δεν υπάρχουν, Καταχωρήστε ετικέτα πρώτοι!

MARC

LEADER 00000cam a2200000 i 4500
001 1/695
008 000411s1997 mdu| ||| |||| ||eng||
020 |a 080185606X 
035 |l 10059751 
040 |a GR-MyUa  |b gre  |e AACR2 
041 0 |a eng 
082 7 |a 306.0945   |2 (22) 
100 1 |a Cohn, Samuel Kline. 
245 1 4 |a The cult of remembrance and the Black Death :   |b six Renaissance cities in central Italy /   |c Samuel K. Cohn. 
260 |a Baltimore :   |b Johns Hopkins University Press,   |c 1997. 
300 |a 428 σ. ;   |c 23 εκ. 
504 |a Περιλαμβάνει βιβλιογραφικές παραπομπές και ευρετήριο. 
650 0 0 |a Life style  |z Italy  |x History. 
650 0 0 |a Black death  |x Social aspects  |z Italy  |x History. 
650 0 0 |a Charitable bequests  |z Italy  |x History. 
650 0 0 |a Art and society  |z Italy  |x History. 
650 0 0 |a Renaissance  |z Italy. 
651 0 |a Italy  |x Social conditions  |y 1268-1559. 
852 |a INST  |b LESVOS  |e 20000411  |h 306.0945 COH  |p 005100020401  |q 005100020401  |t BK  |y 0 
901 |a BIBL1-2000-1 
970 |a ΚΑΜΑΤΣΟΥ  |b ΔΕΣΠΟΙΝΑ  |z 2000/04/11